000 00768nas a2200241 4500
001 BR0002601
003 BR-BrBNA
005 20231205101851.0
007 ta
008 230509b bl.|||p| |||| 00| 00por d
040 _aBR-BrBNA
_bpor
_cBiblioteca Nacional de Agricultura
041 _a(En)
072 _aP10; U10
100 1 _aAndrade, E.M.
245 1 _aRegionalization of small watersheds in arid and semiarid regions: cluster and Andrews'curve approaches
650 _aBacia Hidrografica
650 _aManejo de Agua
650 _aModelo Matematico
650 _aRegiao Semi-Arida
773 0 _tEngenharia Agricola (Brazil)
_xISSN 0100-6916
_g(Jun 1999), v. 18(4) p. 39-52
_wBR0002601
909 _a202311
_bLúcia
_c55
_dLúcia Elande
942 _2AGRIS
_n0
_cANA
999 _c164417
_d164417